000 00514nam a2200169Ia 4500
008 090711s9999 xx 000 0 und d
082 _b66918
100 _aभावे पुरुषोत्तम भा.
245 _aSाकाट्या
260 _c1991
300 _a99
600 _aभावे पुरुषोत्तम भा.
630 _aSाकाट्या
700 _aभावे पुरुषोत्तम भा.
730 _aSाकाट्या
942 _cBOOK
999 _c292009
_d292009